00601 2200229 4500001002100000005001500021035002000036007000300056008004100059020000600100082001100106084001700117245006000134250001100194260004100205300003200246650001400278650000900292856003400301100001900335990001700354INLIS00000000000130720260417051647 a0010-0426000005ta260417 g | ind  a- a631.61 a631.61 LIN p1 aPemupukan Berimbang untuk Tanaman Padi /cEma Lindawati aCet. 1 aBogor :bBRMP Tanah dan Pupuk,c2026 a30 hlm. :bill .; tab.eppt 4aPemupukan 4aPadi aPerpustakaan Sekretariat BRMP0 aLINDAWATI, Ema a3522/2026/CD